000 02258cam a22004694i 4500
003 PE-LiUPU
005 20250731172807.0
008 150617s1970 sp r 000 0 spa d
035 _a(Sirsi) a13403
040 _aPE-LiUPU
_bspa
_cPE-LiUPU
_erda
049 _aPRUA
082 0 4 _a225.08
_bN
_221
100 1 _aMussner, Franz,
_eautor.
245 1 0 _aCarta a los Colosenses.
_n1 / 2 /
_cFranz Mussner.
264 1 _aBarcelona :
_bHerder,
_c1970.
300 _a156 páginas ;
_c20 cm
336 _atext
_2rdacontent
337 _aunmediated
_2rdamedia
338 _avolume
_2rdacarrier
490 0 _aEl nuevo testamento y su mensaje ;
_v12
505 0 _aEl ministerio de Cristo -- Acción de gracias del Apóstol (1,3-8) -- Oración de Pablo (1,9-13) -- Himno a Cristo (1,14-20) -- Los colosenses, partícipes de este misterio (1,21-23) -- El Apóstol pregonero del misterio (1,24-28) -- La lucha por las comunidades (1,29-2,1) -- Primera advertencia contra la herejía (2,8) -- Sólo Cristo puede redimirnos y salvarnos (2,9-15) -- Segunda advertencia contra la herejía (2,16-23) -- Normas para la vida de la comunidad cristiana (3,1-4,6). Buscad lo de arriba (3,1-4) -- Despojaos del hombre viejo (3,5-9Re) -- vestíos del hombre nuevo (3,10-11) -- Características del hombre nuevo (3,12-16) -- Todo en nombre del señor y dando gracias a Dios (3,17) -- bligaciones domésticas (3,18-4,1) -- Advertencias finales (4,2-6).
526 _aSEG42
526 _aSEG41
526 _aSEG40
526 _aSEG39
526 _aP94
526 _aP87
526 _aP86
526 _aP85
526 _aP77
526 _aP76
526 _aP35
630 _aBiblia
_pN.T.
_pColosenses
_xComentarios.
630 _aBiblia
_pN.T.
_pFilemón
_xComentarios.
910 _ajck
_bjvq
_cjck
_d20150616
942 _2ddc
_cBOOK
949 _a225.08 N 1 / 2
_wDEWEY
_c1
_i11563
_lCCODEBUL1
_mBUL
_p30.00
_r0
_sY
_tBOOK
_u19760601
_xTEOLOGIA
_PP35
_0COMPRA
_o.STAFF. Colección Teología
994 _aC0
_bPEPRU
596 _a1
999 _a225.08 N 1 / 2
_wDEWEY
_c3767
_i11563
_d3767
_f2021-11-11
_g5
_lCCODEBUL1
_mBUL
_p30.00
_q1
_r0
_sY
_tBOOK
_u2015-6-17
_xTEOLOGIA
_PP35
_0COMPRA
_o.STAFF. Colección Teología
980 _81
_gALBERTO SANCHEZ Responsable de Automatización